000
00318nam a22001457a 4500
003
SGT
020
_a
978-93-5090-630-9
082
_a
616.11
_b
M14C
100
_a
CHATTERJEE, KANU
245
_a
MANUAL OF HEART FAILURE
260
_a
INDIA
_b
JAYPEE
_c
2014
300
_a
366
650
_a
MEDICINE
942
_2
ddc
_c
BK
999
_c
10908
_d
10908